[Event "DM 2013"]
[Site "Helsingor"]
[Date "2013.03.29"]
[Round "1"]
[White "Schultz-Pedersen, Jesper"]
[Black "Sorensen, Per S"]
[Result "1-0"]
[WhiteElo "2188"]
[BlackElo "2042"]
[PlyCount "131"]
[EventDate "2013.??.??"]
[EventRounds "9"]
[EventCountry "DEN"]

1. d4 d5 2. Nf3 Nf6 3. g3 c6 4. Bg2 Bg4 5. Nbd2 Nbd7 6. b3 e6 7. Bb2 Bd6 8. O-O
O-O 9. Ne5 Bf5 10. c4 a5 11. Rc1 Qe7 12. f3 Ba3 13. Bxa3 Qxa3 14. e4 Bg6 15.
cxd5 exd5 16. Nxg6 hxg6 17. e5 Ne8 18. Rf2 Nc7 19. Bh3 Qe7 20. f4 Ne6 21. Nf3
Rfd8 22. Qd3 Ndf8 23. Qe3 c5 24. Rfc2 cxd4 25. Nxd4 Nxd4 26. Qxd4 Ne6 27. Bxe6
Qxe6 28. a4 Rd7 29. Rc5 b6 30. Rc6 Qg4 31. Rxb6 g5 32. Rb5 gxf4 33. Rxd5 Rad8
34. Rxd7 Rxd7 35. Qxf4 Rd1+ 36. Rxd1 Qxd1+ 37. Kg2 Qc2+ 38. Kh3 Qxb3 39. Qd4
Qe6+ 40. g4 Qb3+ 41. Kh4 Qf3 42. Kg5 Qh3 43. Qd8+ Kh7 44. Qd5 Qh6+ 45. Kf5 Qxh2
46. Qxf7 Qf2+ 47. Ke6 Qa2+ 48. Ke7 Qa3+ 49. Kd8 Qd3+ 50. Qd7 Qc4 51. e6 Qxg4
52. e7 Qg5 53. Qe6 Qd2+ 54. Kc7 Qc3+ 55. Kb6 Qd4+ 56. Kxa5 Qd2+ 57. Kb5 Qd3+
58. Kb6 Qd4+ 59. Kc7 Qc5+ 60. Kd8 Qa5+ 61. Ke8 Qxa4+ 62. Kf8 Qf4+ 63. Qf7 Qe5
64. Qg8+ Kh6 65. Qh8+ Kg5 66. Qxg7+ 1-0

[Event "DM 2013"]
[Site "Helsingor"]
[Date "2013.03.29"]
[Round "3"]
[White "Schultz-Pedersen, Jesper"]
[Black "Nilsson, Patrik"]
[Result "1/2-1/2"]
[WhiteElo "2188"]
[BlackElo "2060"]
[PlyCount "62"]
[EventDate "2013.??.??"]
[EventRounds "9"]
[EventCountry "DEN"]

1. e4 d6 2. Nc3 e5 3. Bc4 Nf6 4. d3 Be7 5. f4 Nbd7 6. Nf3 O-O 7. O-O c6 8. a4
a5 9. Kh1 exf4 10. Bxf4 Nb6 11. Bb3 d5 12. Qe1 Be6 13. Nd4 Qd7 14. Bg5 Rfe8 15.
Nxe6 fxe6 16. Qf2 Qd8 17. Rae1 Kh8 18. Qh4 Ng8 19. Bxe7 Qxe7 20. Qh3 Rf8 21.
Qe3 Nd7 22. exd5 Rxf1+ 23. Rxf1 exd5 24. Qxe7 Nxe7 25. Ne2 Nc5 26. Nd4 Kg8 27.
Kg1 Rf8 28. Rxf8+ Kxf8 29. Kf2 Kf7 30. Ke3 Kf6 31. c3 Nxb3 1/2-1/2

[Event "DM 2013"]
[Site "Helsingor"]
[Date "2013.03.29"]
[Round "6"]
[White "Schjolin, John"]
[Black "Thybo, Thomas"]
[Result "0-1"]
[WhiteElo "1014"]
[BlackElo "1492"]
[PlyCount "50"]
[EventDate "2013.??.??"]
[EventRounds "9"]
[EventCountry "DEN"]

1. d4 Nf6 2. Nc3 g6 3. e4 d6 4. Bd3 Bg7 5. Be3 Nc6 6. Nf3 O-O 7. h3 Re8 8. a3
Nd7 9. O-O e5 10. d5 Nd4 11. Nxd4 exd4 12. Re1 dxc3 13. b3 Ne5 14. Bd4 Nf3+ 15.
Qxf3 Bxd4 16. Bc4 Qf6 17. Qxf6 Bxf6 18. Re3 Bd7 19. f4 Bd4 20. Rae1 Rxe4 21.
Kf2 Rae8 22. Kf3 Rxe3+ 23. Rxe3 Rxe3+ 24. Kf2 Rxh3+ 25. Ke2 Bg4+ 0-1

[Event "DM 2013"]
[Site "Helsingor"]
[Date "2013.03.29"]
[Round "3"]
[White "Schjolin, John"]
[Black "Jensen, Hans Askov"]
[Result "0-1"]
[WhiteElo "1014"]
[BlackElo "1569"]
[PlyCount "112"]
[EventDate "2013.??.??"]
[EventRounds "9"]
[EventCountry "DEN"]

1. e4 e5 2. c4 Nf6 3. Nc3 Bc5 4. Nf3 d6 5. Be2 Nc6 6. d3 h6 7. h3 O-O 8. O-O
Bd7 9. Bd2 a6 10. a3 Nd4 11. Be3 Nxe2+ 12. Qxe2 Bxe3 13. Qxe3 b5 14. c5 dxc5
15. Nxe5 Qe7 16. d4 cxd4 17. Qxd4 c5 18. Nd5 Nxd5 19. Qxd5 Be6 20. Nc6 Qg5 21.
Qxg5 hxg5 22. Rad1 Rfe8 23. Rd6 a5 24. f3 f6 25. Rfd1 Kf7 26. Nd8+ Rexd8 27.
Rxd8 Ra7 28. Rc1 c4 29. Rcd1 Ke7 30. R8d6 b4 31. axb4 axb4 32. Rb6 b3 33. g3
Kf7 34. Kh2 Re7 35. Rc1 Kg6 36. f4 gxf4 37. gxf4 Bf7 38. Kg3 Rxe4 39. Kf3 Re8
40. Rc6 Bd5+ 41. Kg4 Bxc6 42. Rxc4 Bd7+ 43. Kg3 Re3+ 44. Kg2 Bxh3+ 45. Kf2 Re8
46. Rc3 Be6 47. Ke2 Rd8 48. Re3 Kf7 49. Kf3 g6 50. Kg3 Rd2 51. Rxb3 Bxb3 52.
Kf3 Rxb2 53. Kg4 Rg2+ 54. Kf3 Bd5+ 55. Ke3 g5 56. Kd4 gxf4 0-1

[Event "DM 2013"]
[Site "Helsingor"]
[Date "2013.03.29"]
[Round "4"]
[White "Roerholt, Leif"]
[Black "Jensen, Thore"]
[Result "0-1"]
[WhiteElo "1844"]
[BlackElo "2045"]
[PlyCount "56"]
[EventDate "2013.??.??"]
[EventRounds "9"]
[EventCountry "DEN"]

1. e4 c5 2. b4 cxb4 3. d4 d5 4. exd5 Nf6 5. Bb5+ Bd7 6. Bc4 Bf5 7. Qf3 Be4 8.
Bb5+ Nbd7 9. Qh3 Qa5 10. Bxd7+ Nxd7 11. Ne2 Qxd5 12. c4 Bxg2 13. Qb3 Qf3 14.
Rg1 Qxb3 15. axb3 Be4 16. Nd2 Bg6 17. Nf4 e6 18. c5 Be7 19. Ra4 O-O 20. Nc4 b5
21. cxb6 axb6 22. Nxg6 hxg6 23. Ra1 Rxa1 24. f4 Ra2 25. Bd2 b5 26. Ne5 Nxe5 27.
fxe5 Rb2 28. Rg3 Bh4 0-1

[Event "DM 2013"]
[Site "Helsingor"]
[Date "2013.03.29"]
[Round "1"]
[White "Roerholt, Leif"]
[Black "Bonnez, Finn"]
[Result "1/2-1/2"]
[WhiteElo "1844"]
[BlackElo "1997"]
[PlyCount "125"]
[EventDate "2013.??.??"]
[EventRounds "9"]
[EventCountry "DEN"]

1. e4 e5 2. Nf3 d6 3. h3 Nf6 4. Nc3 Nc6 5. d4 exd4 6. Nxd4 Be7 7. Nxc6 bxc6 8.
Bd3 O-O 9. O-O Nd7 10. f4 Nc5 11. Bc4 Qe8 12. Re1 Kh8 13. Bd3 Nxd3 14. Qxd3 f6
15. Be3 a5 16. Bf2 Ba6 17. Qf3 Rb8 18. b3 Bb7 19. Rad1 Qf7 20. Qe3 Rfe8 21. Kh2
d5 22. Qa7 Bb4 23. Re3 Ba8 24. exd5 cxd5 25. Rxe8+ Rxe8 26. Nb5 Bc6 27. Qxc7
Qxc7 28. Nxc7 Re2 29. Kg3 h5 30. Nxd5 h4+ 31. Kf3 Rxc2 32. Bxh4 f5 33. Bf2 Rd2
34. Rxd2 Bxd2 35. Ke2 Bc1 36. Ne3 g6 37. g3 a4 38. bxa4 Bxa4 39. Kd3 Bxe3 40.
Bxe3 Kg7 41. Kc4 Kf6 42. Kd5 Bd1 43. Bd4+ Kf7 44. Kd6 Bc2 45. Be5 Bd1 46. Kc5
Ke6 47. Kb4 Kd5 48. a4 Be2 49. a5 Kc6 50. Bd4 Bf1 51. g4 fxg4 52. hxg4 Be2 53.
f5 gxf5 54. gxf5 Kb7 55. Kc5 Bh5 56. Kd6 Bf7 57. Ke7 Bc4 58. f6 Bd5 59. f7 Bxf7
60. Kxf7 Ka8 61. Ke6 Kb7 62. Kd6 Ka8 63. Kc7 1/2-1/2

[Event "DM 2013"]
[Site "Helsingor"]
[Date "2013.03.29"]
[Round "4"]
[White "Porsgaard, Per Lykke"]
[Black "Emborg, Jens"]
[Result "0-1"]
[WhiteElo "1458"]
[BlackElo "1629"]
[PlyCount "44"]
[EventDate "2013.??.??"]
[EventRounds "9"]
[EventCountry "DEN"]

1. d4 d5 2. c4 e6 3. Nc3 Nf6 4. Nf3 Nc6 5. Bf4 Be7 6. e3 O-O 7. Bd3 dxc4 8.
Bxc4 Bd6 9. Bg3 Bxg3 10. hxg3 Qe7 11. a3 e5 12. d5 Na5 13. Ba2 b6 14. Bb1 h6
15. Bd3 e4 16. Nxe4 Nxe4 17. b4 Nb7 18. Qc2 Nf6 19. O-O-O Bd7 20. b5 Nc5 21.
Be2 Nce4 22. Rhf1 Qxa3+ 0-1

[Event "DM 2013"]
[Site "Helsingor"]
[Date "2013.03.29"]
[Round "2"]
[White "Petersen, Torben William"]
[Black "Nissen, Jesper B"]
[Result "1/2-1/2"]
[WhiteElo "1396"]
[BlackElo "1497"]
[PlyCount "39"]
[EventDate "2013.??.??"]
[EventRounds "9"]
[EventCountry "DEN"]

1. d4 d5 2. Nf3 Nf6 3. e3 Bf5 4. c4 e6 5. Nc3 c6 6. Qb3 Qc7 7. cxd5 exd5 8. Bd2
Bd6 9. Rc1 Qb6 10. Qxb6 axb6 11. a3 Nbd7 12. Be2 O-O 13. O-O h6 14. h3 Ne4 15.
Rfd1 Ndf6 16. Na2 Nxd2 17. Rxd2 Ne4 18. Rdd1 Rfe8 19. Nc3 Nxc3 20. Rxc3 1/2-1/2

[Event "DM 2013"]
[Site "Helsingor"]
[Date "2013.03.29"]
[Round "4"]
[White "Petersen, Torben William"]
[Black "Bjerre, Jonas"]
[Result "0-1"]
[WhiteElo "1396"]
[BlackElo "1689"]
[PlyCount "71"]
[EventDate "2013.??.??"]
[EventRounds "9"]
[EventCountry "DEN"]

1. d4 d5 2. Nf3 Nf6 3. e3 c6 4. b3 Bf5 5. c4 e6 6. Bb2 Bxb1 7. Rxb1 Bb4+ 8. Nd2
Ne4 9. Bc1 Nc3 10. Qc2 Nxb1 11. Qxb1 Nd7 12. Bd3 Nf6 13. O-O O-O 14. Nf3 Bd6
15. Ne5 h6 16. f4 Qc7 17. Bd2 c5 18. Be1 Rac8 19. Bh4 Nd7 20. g4 Nxe5 21. fxe5
Be7 22. Bg3 Qb6 23. Bf4 cxd4 24. Rf3 dxc4 25. Bh7+ Kh8 26. Bxh6 d3 27. Bxg7+
Kxg7 28. Be4 Qb4 29. Qf1 Qd2 30. Qh3 Rh8 31. Qg3 Bg5 32. Bxb7 Rc7 33. Ba6 c3
34. h4 c2 35. hxg5 c1=Q+ 36. Rf1 0-1

[Event "DM 2013"]
[Site "Helsingor"]
[Date "2013.03.29"]
[Round "2"]
[White "Pedersen, Niels"]
[Black "Thomsen, Soren"]
[Result "1/2-1/2"]
[WhiteElo "2021"]
[BlackElo "1940"]
[PlyCount "105"]
[EventDate "2013.??.??"]
[EventRounds "9"]
[EventCountry "DEN"]

1. e4 c5 2. Nc3 d6 3. Bc4 e6 4. Nf3 Nc6 5. O-O Nge7 6. d4 cxd4 7. Nxd4 Nxd4 8.
Qxd4 Nc6 9. Qd1 Be7 10. Bf4 O-O 11. Qd2 e5 12. Be3 Be6 13. Nd5 Bxd5 14. Bxd5
Qc7 15. c3 Bf6 16. Rad1 Ne7 17. Bb3 Rfd8 18. f3 a5 19. a3 b5 20. Qf2 Rab8 21.
Rd3 Ng6 22. Qd2 Nf4 23. Bxf4 exf4 24. Qxf4 b4 25. axb4 axb4 26. Bd5 bxc3 27.
bxc3 Bxc3 28. Qxf7+ Qxf7 29. Bxf7+ Kxf7 30. Rxc3 d5 31. exd5 Rxd5 32. Rfc1 Rb7
33. Rc7+ Rd7 34. Rxb7 Rxb7 35. Rc2 h6 36. h4 Kg6 37. g4 Kh7 38. Kf2 Ra7 39. Kg3
Rb7 40. Rc6 Ra7 41. g5 hxg5 42. hxg5 g6 43. Rc4 Kg7 44. Kg4 Rb7 45. f4 Ra7 46.
f5 gxf5+ 47. Kxf5 Rb7 48. Rc6 Rb5+ 49. Kg4 Rb7 50. Kh5 Ra7 51. Rg6+ Kh7 52. Rf6
Kg7 53. Rf5 1/2-1/2

[Event "DM 2013"]
[Site "Helsingor"]
[Date "2013.03.29"]
[Round "5"]
[White "Pedersen, Niels"]
[Black "Roerholt, Leif"]
[Result "0-1"]
[WhiteElo "2021"]
[BlackElo "1844"]
[PlyCount "131"]
[EventDate "2013.??.??"]
[EventRounds "9"]
[EventCountry "DEN"]

1. e4 c5 2. Nf3 Nc6 3. d4 cxd4 4. Nxd4 Nf6 5. Nc3 d6 6. Be2 g6 7. Be3 Bg7 8. f3
O-O 9. Qd2 a6 10. O-O-O Bd7 11. g4 b5 12. a3 Qa5 13. Nb3 Qc7 14. h4 Na5 15.
Nxa5 Qxa5 16. Nd5 Qxd2+ 17. Rxd2 Nxd5 18. Rxd5 Be6 19. Rd2 h6 20. f4 Rac8 21.
f5 Bc4 22. g5 h5 23. Bf3 Be5 24. Kb1 b4 25. axb4 Rb8 26. c3 a5 27. Be2 Bxe2 28.
Rxe2 axb4 29. c4 b3 30. c5 Rb4 31. Bd2 Ra4 32. Rh3 Rb8 33. cxd6 exd6 34. Rf3
Ra2 35. Bc1 gxf5 36. exf5 Rba8 37. Rxb3 Ra1+ 38. Kc2 Rc8+ 39. Rc3 Bxc3 40. bxc3
Ra4 41. Rd2 Rc6 42. Re2 Ra2+ 43. Bb2 Rb6 44. Kb1 Ra8 45. Kc2 Kf8 46. c4 Rc6 47.
Kd3 Rc5 48. f6 d5 49. cxd5 Rxd5+ 50. Kc4 Rf5 51. Rd2 Rf4+ 52. Kb3 Rxh4 53. Ba3+
Kg8 54. Be7 Kh7 55. g6+ Kxg6 56. Rg2+ Rg4 57. Rh2 Rc8 58. Rd2 h4 59. Rh2 Rg3+
60. Kb4 h3 61. Rh1 Rc6 62. Kb5 Re6 63. Kc4 Kh5 64. Rf1 Rg4+ 65. Kc5 h2 66. Rd1
0-1

[Event "DM 2013"]
[Site "Helsingor"]
[Date "2013.03.29"]
[Round "3"]
[White "Pedersen, Niels"]
[Black "Bonnez, Finn"]
[Result "1/2-1/2"]
[WhiteElo "2021"]
[BlackElo "1997"]
[PlyCount "69"]
[EventDate "2013.??.??"]
[EventRounds "9"]
[EventCountry "DEN"]

1. e4 e5 2. Nf3 Nc6 3. Bb5 d6 4. d4 exd4 5. Nxd4 Bd7 6. Nxc6 bxc6 7. Bc4 Nf6 8.
Nc3 g6 9. O-O Bg7 10. Bg5 h6 11. Bh4 g5 12. Bg3 O-O 13. h3 Be6 14. Bxe6 fxe6
15. e5 Nd5 16. Nxd5 cxd5 17. exd6 cxd6 18. c3 Qb6 19. Qe2 Rae8 20. Rad1 Rf5 21.
Rd2 Qc5 22. Kh2 e5 23. f3 Ref8 24. Bf2 Qc6 25. Kg1 e4 26. fxe4 dxe4 27. Rdd1 a5
28. Be3 Rxf1+ 29. Rxf1 Rxf1+ 30. Qxf1 a4 31. a3 d5 32. Qd1 Be5 33. Qd2 Bc7 34.
Qf2 Qd6 35. Kf1 1/2-1/2

[Event "DM 2013"]
[Site "Helsingor"]
[Date "2013.03.29"]
[Round "2"]
[White "Pedersen, Christopher"]
[Black "Schultz-Pedersen, Jesper"]
[Result "0-1"]
[WhiteElo "2049"]
[BlackElo "2188"]
[PlyCount "114"]
[EventDate "2013.??.??"]
[EventRounds "9"]
[EventCountry "DEN"]

1. e4 Nc6 2. Nc3 e6 3. d4 Bb4 4. Nge2 d6 5. Be3 Nf6 6. a3 Ba5 7. f3 e5 8. d5
Ne7 9. Qd2 Ng6 10. O-O-O Bd7 11. Ng3 h6 12. h4 Qb8 13. h5 Ne7 14. Qd3 Bb6 15.
Bxb6 axb6 16. Nb5 Bxb5 17. Qxb5+ Nd7 18. Nf5 Nxf5 19. exf5 Ra5 20. Qc4 O-O 21.
Rh3 Nf6 22. g4 Nh7 23. f4 exf4 24. Qxf4 Qd8 25. Re3 Re8 26. b4 Ra8 27. Rde1
Rxe3 28. Qxe3 Qf6 29. Kb1 Qg5 30. Qxg5 hxg5 31. Re7 Rc8 32. Bg2 Nf6 33. Bf3 Kf8
34. Re3 Nd7 35. Kc1 Ne5 36. Be2 Ke7 37. Rc3 Kf6 38. Rh3 Rh8 39. Rc3 c6 40. dxc6
bxc6 41. a4 Ra8 42. Ra3 c5 43. bxc5 dxc5 44. Rb3 Rxa4 45. Rxb6+ Ke7 46. Rb7+
Kd6 47. Rb8 Nxg4 48. Rg8 Ke7 49. Rc8 Kf6 50. Rxc5 Ne5 51. Bd3 Rh4 52. Kd2 Rxh5
53. Ke3 Rh4 54. Be4 g4 55. Kd4 g3 56. Rb5 g2 57. Rb1 g1=Q+ 0-1

[Event "DM 2013"]
[Site "Helsingor"]
[Date "2013.03.29"]
[Round "1"]
[White "Pedersen, Christopher"]
[Black "Olsen, Lars Moller"]
[Result "1-0"]
[WhiteElo "2049"]
[BlackElo "1917"]
[PlyCount "111"]
[EventDate "2013.??.??"]
[EventRounds "9"]
[EventCountry "DEN"]

1. e4 Nf6 2. e5 Nd5 3. c4 Nb6 4. b3 d6 5. exd6 exd6 6. Bb2 N8d7 7. Nf3 Nf6 8.
Be2 Be7 9. O-O O-O 10. d4 Bg4 11. h3 Bh5 12. Nh4 Bxe2 13. Qxe2 d5 14. c5 Nbd7
15. Nf5 Re8 16. Nxe7+ Qxe7 17. Qxe7 Rxe7 18. Nc3 c6 19. Bc1 Ne4 20. Nxe4 Rxe4
21. Be3 Nf6 22. b4 Ne8 23. a4 f5 24. g3 g5 25. Bxg5 Rxd4 26. b5 Ng7 27. Rfe1
Re4 28. bxc6 bxc6 29. Reb1 Rc4 30. Rb7 Ne6 31. Bf6 Rf8 32. Be5 Re8 33. Rxa7
Nxc5 34. f4 h5 35. a5 d4 36. Rg7+ Kf8 37. Rg5 d3 38. Rd1 Rd8 39. Rxh5 Rd5 40.
a6 Nxa6 41. Rb1 Nb4 42. Ra1 Na2 43. Rxa2 Rc1+ 44. Kf2 Rc2+ 45. Rxc2 dxc2 46.
Bb2 Rb5 47. Bc1 Rb1 48. Rxf5+ Kg8 49. Be3 c1=Q 50. Bxc1 Rxc1 51. h4 c5 52. Kf3
c4 53. Ke4 c3 54. Kd3 Kh7 55. Rc5 Rg1 56. Rh5+ 1-0

[Event "DM 2013"]
[Site "Helsingor"]
[Date "2013.03.29"]
[Round "5"]
[White "Pedersen, Carsten"]
[Black "Thomsen, Soren"]
[Result "1/2-1/2"]
[WhiteElo "1852"]
[BlackElo "1940"]
[PlyCount "31"]
[EventDate "2013.??.??"]
[EventRounds "9"]
[EventCountry "DEN"]

1. d4 Nf6 2. c4 g6 3. Nc3 Bg7 4. e4 d6 5. Bg5 O-O 6. f4 c5 7. d5 a6 8. Nf3 h6
9. Bh4 Bd7 10. Bd3 b5 11. Qc2 bxc4 12. Bxc4 Bb5 13. Bxb5 axb5 14. O-O Qb6 15.
Kh1 Re8 16. h3 1/2-1/2

[Event "DM 2013"]
[Site "Helsingor"]
[Date "2013.03.29"]
[Round "3"]
[White "Pedersen, Carsten"]
[Black "Jensen, Thore"]
[Result "1/2-1/2"]
[WhiteElo "1852"]
[BlackElo "2045"]
[PlyCount "63"]
[EventDate "2013.??.??"]
[EventRounds "9"]
[EventCountry "DEN"]

1. d4 d5 2. c4 c6 3. cxd5 cxd5 4. Nc3 Nf6 5. Bf4 e6 6. Nf3 Bd6 7. Bxd6 Qxd6 8.
e3 O-O 9. Bd3 Nc6 10. O-O a6 11. a3 b5 12. b4 Bb7 13. Rc1 Rac8 14. Nd2 e5 15.
Nb3 e4 16. Bb1 Rc7 17. Nc5 Bc8 18. f3 exf3 19. Rxf3 Ng4 20. Rh3 Nh6 21. Rh5 Ne7
22. h3 Bf5 23. Qf3 Bxb1 24. Rxb1 f5 25. Rf1 Rf6 26. Ne2 Nf7 27. Qg3 g6 28. Rh4
Qxg3 29. Nxg3 Kg7 30. Rhf4 Ng5 31. R1f2 Rfc6 32. Rd2 1/2-1/2

[Event "DM 2013"]
[Site "Helsingor"]
[Date "2013.03.29"]
[Round "1"]
[White "Pedersen, Carsten"]
[Black "Bjorneboe, Kristian"]
[Result "1/2-1/2"]
[WhiteElo "1852"]
[BlackElo "1971"]
[PlyCount "29"]
[EventDate "2013.??.??"]
[EventRounds "9"]
[EventCountry "DEN"]

1. d4 Nf6 2. c4 e6 3. Nc3 d5 4. cxd5 exd5 5. Nf3 Nbd7 6. Bf4 c6 7. g3 h6 8. Bg2
g5 9. Bd2 Bg7 10. Qc2 Qe7 11. O-O Ne4 12. Nxe4 dxe4 13. Ne5 Nxe5 14. dxe5 Bf5
15. Bxe4 1/2-1/2

[Event "DM 2013"]
[Site "Helsingor"]
[Date "2013.03.29"]
[Round "3"]
[White "Olsen, Lars Moller"]
[Black "Nielsen, Jan Mose"]
[Result "1/2-1/2"]
[WhiteElo "1917"]
[BlackElo "2105"]
[PlyCount "62"]
[EventDate "2013.??.??"]
[EventRounds "9"]
[EventCountry "DEN"]

1. c4 Nf6 2. Nc3 d5 3. d4 g6 4. Bf4 Bg7 5. e3 O-O 6. cxd5 Nxd5 7. Nxd5 Qxd5 8.
Bxc7 Na6 9. Bxa6 Qxg2 10. Qf3 Qxf3 11. Nxf3 bxa6 12. O-O Bb7 13. Nd2 Rfe8 14.
Rac1 e5 15. dxe5 Bxe5 16. Rc5 Bf6 17. Rfc1 h5 18. b3 Be7 19. R5c4 Bf6 20. R4c2
Re6 21. Ba5 Re5 22. Rc5 Rae8 23. Kf1 Bh1 24. Ke2 Bg2 25. Nf3 R5e6 26. Rc8 h4
27. Rxe8+ Rxe8 28. Rc4 h3 29. Bc7 Re6 30. Bg3 Bb2 31. Rc2 Bf6 1/2-1/2

[Event "DM 2013"]
[Site "Helsingor"]
[Date "2013.03.29"]
[Round "5"]
[White "Olsen, Lars Moller"]
[Black "Knudsen, Jes West"]
[Result "1-0"]
[WhiteElo "1917"]
[BlackElo "1924"]
[PlyCount "33"]
[EventDate "2013.??.??"]
[EventRounds "9"]
[EventCountry "DEN"]

1. d4 f5 2. Bg5 c6 3. h4 Qb6 4. e3 Qxb2 5. Nd2 e6 6. Ngf3 Bb4 7. Rb1 Bxd2+ 8.
Nxd2 Qc3 9. Bd3 d5 10. Kf1 Nf6 11. Bxf6 gxf6 12. Qh5+ Ke7 13. Nf3 b6 14. Ng5
fxg5 15. Qxg5+ Kd6 16. Qg3+ e5 17. Qxe5+ 1-0

[Event "DM 2013"]
[Site "Helsingor"]
[Date "2013.03.29"]
[Round "1"]
[White "Nissen, Jesper B"]
[Black "Clausen, Hansjorgen"]
[Result "1/2-1/2"]
[WhiteElo "1497"]
[BlackElo "1700"]
[PlyCount "95"]
[EventDate "2013.??.??"]
[EventRounds "9"]
[EventCountry "DEN"]

1. d4 Nf6 2. Nf3 d5 3. Bf4 e6 4. e3 Bd6 5. Bg3 Bxg3 6. hxg3 Qd6 7. c3 Bd7 8.
Nbd2 Nc6 9. Bd3 h6 10. Qc2 a6 11. O-O-O Na7 12. e4 dxe4 13. Nxe4 Nxe4 14. Bxe4
Bc6 15. Rde1 O-O-O 16. Ne5 Bxe4 17. Qxe4 Qe7 18. Qf3 Rhf8 19. Rh5 g6 20. Rxh6
Qg5+ 21. Qf4 Qf5 22. Reh1 Nb5 23. Qxf5 gxf5 24. Rh7 Nd6 25. f3 f6 26. Ng6 Rf7
27. Nf4 Re8 28. Rxf7 Nxf7 29. Rh7 Ng5 30. Rh6 Rf8 31. Kd2 Kd7 32. Nd3 b6 33.
Ke3 Rf7 34. Nf2 e5 35. f4 exd4+ 36. Kxd4 Ne6+ 37. Ke3 Nc5 38. g4 Re7+ 39. Kd2
fxg4 40. Nxg4 Ne4+ 41. Kd3 f5 42. Ne5+ Kc8 43. Rh5 Rg7 44. Rxf5 Nc5+ 45. Kc2
Rxg2+ 46. Kb1 Rf2 47. Rf8+ Kb7 48. Rd8 1/2-1/2

[Event "DM 2013"]
[Site "Helsingor"]
[Date "2013.03.29"]
[Round "4"]
[White "Nilsson, Patrik"]
[Black "Pedersen, Christopher"]
[Result "1-0"]
[WhiteElo "2060"]
[BlackElo "2049"]
[PlyCount "71"]
[EventDate "2013.??.??"]
[EventRounds "9"]
[EventCountry "DEN"]

1. e4 c5 2. Nf3 Nc6 3. d4 cxd4 4. Nxd4 Nf6 5. Nc3 e5 6. Ndb5 d6 7. Bg5 a6 8.
Na3 b5 9. Bxf6 gxf6 10. Nd5 f5 11. Bd3 Be6 12. O-O Bg7 13. Qh5 f4 14. c4 b4 15.
Nc2 Rb8 16. g3 Bxd5 17. exd5 Ne7 18. Rae1 b3 19. axb3 Rxb3 20. Be4 Qc8 21. gxf4
Rh3 22. Qe2 Bh6 23. Bg2 Rg8 24. fxe5 Bf4 25. e6 Rxh2 26. exf7+ Kxf7 27. Qxe7+
Kg6 28. Re6+ Kh5 29. Qxh7+ Kg5 30. Qe7+ Kh5 31. Qf7+ Kg5 32. Qf6+ Kh5 33. Qf5+
Rg5 34. Qh7+ Kg4 35. f3+ Kg3 36. Qxh2# 1-0

[Event "DM 2013"]
[Site "Helsingor"]
[Date "2013.03.29"]
[Round "2"]
[White "Nilsson, Patrik"]
[Black "Knudsen, Jes West"]
[Result "1-0"]
[WhiteElo "2060"]
[BlackElo "1924"]
[PlyCount "75"]
[EventDate "2013.??.??"]
[EventRounds "9"]
[EventCountry "DEN"]

1. e4 d5 2. exd5 Nf6 3. Nf3 Nxd5 4. d4 Bg4 5. Be2 Nc6 6. O-O Qd6 7. c4 Nf4 8.
Bxf4 Qxf4 9. Nc3 O-O-O 10. d5 e6 11. Qc1 Qxc1 12. Raxc1 Bxf3 13. Bxf3 Nd4 14.
Be4 e5 15. Rfd1 f5 16. Bd3 g6 17. Ne2 Nxe2+ 18. Bxe2 Bh6 19. Rc3 Bg7 20. c5 e4
21. Rc2 Rhe8 22. c6 b6 23. Ba6+ Kb8 24. d6 Be5 25. d7 Re6 26. a4 Bd6 27. a5 Bc5
28. Bb7 e3 29. fxe3 Bxe3+ 30. Kf1 bxa5 31. g3 g5 32. Rd5 Rf6 33. Re5 f4 34. Re8
Rf8 35. Rxd8+ Rxd8 36. Rc4 fxg3 37. Re4 gxh2 38. Kg2 1-0

[Event "DM 2013"]
[Site "Helsingor"]
[Date "2013.03.29"]
[Round "5"]
[White "Nielsen, Jan Mose"]
[Black "Schultz-Pedersen, Jesper"]
[Result "1/2-1/2"]
[WhiteElo "2105"]
[BlackElo "2188"]
[PlyCount "91"]
[EventDate "2013.??.??"]
[EventRounds "9"]
[EventCountry "DEN"]

1. e4 Nc6 2. Nf3 e6 3. d4 d5 4. Bb5 Bd7 5. Qe2 dxe4 6. Ne5 Nxe5 7. dxe5 c6 8.
Bc4 Qa5+ 9. Nc3 Qxe5 10. f4 Qc7 11. Nxe4 Nf6 12. Nxf6+ gxf6 13. Be3 c5 14.
O-O-O O-O-O 15. Qh5 Bd6 16. Rhf1 Bc6 17. g3 f5 18. Rf2 b5 19. Bf1 a6 20. Rfd2
Bd5 21. Rxd5 exd5 22. Qxf5+ Kb8 23. Rxd5 Rhe8 24. Bf2 Bf8 25. Bg2 Rxd5 26. Qxd5
Ka7 27. b4 Rd8 28. Qe4 Qd7 29. Bxc5+ Bxc5 30. bxc5 Qd1+ 31. Kb2 Qd4+ 32. Qxd4
Rxd4 33. Kc1 f6 34. c6 Kb6 35. c3 Rc4 36. Kb2 Kc7 37. Bd5 Rc5 38. Bf3 Kd6 39.
Kb3 Rc4 40. Bg2 a5 41. a3 h5 42. h4 Ke7 43. Bd5 Rc5 44. Bg2 Kf7 45. Bf3 Ke6 46.
Bg2 1/2-1/2

[Event "DM 2013"]
[Site "Helsingor"]
[Date "2013.03.29"]
[Round "4"]
[White "Nielsen, Jan Mose"]
[Black "Pedersen, Carsten"]
[Result "1-0"]
[WhiteElo "2105"]
[BlackElo "1852"]
[PlyCount "65"]
[EventDate "2013.??.??"]
[EventRounds "9"]
[EventCountry "DEN"]

1. e4 c5 2. d4 cxd4 3. c3 dxc3 4. Nxc3 Nc6 5. Nf3 d6 6. Bc4 g6 7. O-O Bg7 8.
Qe2 Nf6 9. Rd1 Nd7 10. Bxf7+ Kf8 11. Be3 Nde5 12. Nxe5 Nxe5 13. Bb3 Bg4 14. f3
Bd7 15. Rac1 h5 16. Nd5 Bh6 17. Bxh6+ Rxh6 18. Qe3 Kg7 19. f4 Nc6 20. Qc3+ e5
21. fxe5 dxe5 22. Qg3 h4 23. Qf2 g5 24. Rf1 Be6 25. Rcd1 Qg8 26. Qc5 Rd8 27.
Ne7 Rxd1 28. Bxd1 Qe8 29. Nxc6 bxc6 30. Qxe5+ Kh7 31. Qxg5 Bc4 32. Rf4 Qd7 33.
Qf5+ 1-0

[Event "DM 2013"]
[Site "Helsingor"]
[Date "2013.03.29"]
[Round "2"]
[White "Nielsen, Jan Mose"]
[Black "Hansen, Erik Olsgaard"]
[Result "1-0"]
[WhiteElo "2105"]
[BlackElo "1961"]
[PlyCount "57"]
[EventDate "2013.??.??"]
[EventRounds "9"]
[EventCountry "DEN"]

1. e4 c5 2. d4 cxd4 3. c3 dxc3 4. Nxc3 Nc6 5. Nf3 g6 6. Bc4 Bg7 7. O-O d6 8.
Qe2 Nf6 9. e5 Nxe5 10. Nxe5 dxe5 11. Rd1 Qa5 12. Bd2 Qb6 13. Be3 Qa5 14. Bd2
Qb6 15. Na4 Qc7 16. Rac1 Qb8 17. Bb5+ Bd7 18. Nc5 Bc6 19. Nxb7 Bxb5 20. Qxb5+
Kf8 21. Bg5 Qe8 22. Qxe5 Nh5 23. Qc7 Bf6 24. Bh6+ Bg7 25. Be3 Bxb2 26. Rc2 Ba3
27. Bh6+ Kg8 28. Rcd2 Bd6 29. Nxd6 1-0

[Event "DM 2013"]
[Site "Helsingor"]
[Date "2013.03.29"]
[Round "7"]
[White "Nielsen, Bjorn"]
[Black "Raad, Mads Bonde"]
[Result "0-1"]
[WhiteElo "1474"]
[BlackElo "1688"]
[PlyCount "100"]
[EventDate "2013.??.??"]
[EventRounds "9"]
[EventCountry "DEN"]

1. e4 e6 2. Nf3 d5 3. e5 c5 4. c4 d4 5. Bd3 Nc6 6. O-O Nge7 7. b3 b6 8. Qe2 Bb7
9. Be4 Ng6 10. d3 Qc7 11. Bxg6 hxg6 12. Bf4 Be7 13. Bg3 Nb4 14. Na3 Bc6 15.
Rfc1 O-O 16. Nc2 Na6 17. Bh4 Bxf3 18. Qxf3 Bxh4 19. Re1 Rae8 20. Re4 Bg5 21.
Rae1 Qc6 22. Kf1 f5 23. R4e2 Qxf3 24. gxf3 Bf4 25. Kg2 Kf7 26. Na3 Nc7 27. Rh1
Rh8 28. h3 Rh6 29. Ree1 Reh8 30. Nb1 g5 31. Re2 g4 32. fxg4 fxg4 33. Re4 gxh3+
34. Kf3 Bg5 35. Rf4+ Bxf4 36. Kxf4 Na6 37. Rh2 Nb4 38. Ke4 Rh4+ 39. Kf3 Nxd3
40. Ke2 Nxe5 41. Nd2 d3+ 42. Ke3 Ng4+ 43. Kxd3 Nxh2 44. Ne4 Rxe4 45. Kxe4 Nf1
46. Ke5 h2 47. Kd6 h1=Q 48. Kc7 Qa8 49. Kd7 Rc8 50. f4 Qc6# 0-1

[Event "DM 2013"]
[Site "Helsingor"]
[Date "2013.03.29"]
[Round "3"]
[White "Nielsen, Bjorn"]
[Black "Emborg, Jens"]
[Result "0-1"]
[WhiteElo "1474"]
[BlackElo "1629"]
[PlyCount "100"]
[EventDate "2013.??.??"]
[EventRounds "9"]
[EventCountry "DEN"]

1. d4 d5 2. Nf3 Nf6 3. e3 e6 4. Nbd2 c5 5. Bb5+ Bd7 6. Bxd7+ Nbxd7 7. dxc5 Bxc5
8. O-O O-O 9. b3 Qe7 10. Re1 Rfc8 11. Bb2 Bb4 12. Rf1 Bc3 13. Qc1 Bxb2 14. Qxb2
Rc7 15. Rac1 b5 16. a3 Rac8 17. Rfd1 Nc5 18. Qa1 Nfe4 19. b4 Nxd2 20. Rxd2 Ne4
21. Rdd1 Rxc2 22. Rxc2 Rxc2 23. Rf1 Qf6 24. Qd1 Qb2 25. Qe1 Qxa3 26. Nd4 Rb2
27. Qc1 Qxb4 28. Qc8+ Qf8 29. Qa6 h6 30. f3 Nd2 31. Rc1 Nc4 32. Nxb5 Qc5 33.
Nd4 Rxg2+ 34. Kh1 Rd2 35. Re1 Nxe3 36. Nb3 Rxh2+ 37. Kxh2 Ng4+ 38. fxg4 Qf2+
39. Kh3 Qxe1 40. Qc8+ Kh7 41. Qc2+ Qe4 42. Qc3 f5 43. gxf5 Qxf5+ 44. Kg3 e5 45.
Kg2 d4 46. Nxd4 exd4 47. Qxd4 a5 48. Qa4 h5 49. Kg1 Qg4+ 50. Qxg4 hxg4 0-1